[Event "CRO-ch U17 Girls"]
[Site "Split"]
[Date "2024.07.24"]
[Round "4"]
[White "Friscic, Laura"]
[Black "Udovicic, Dunja"]
[Result "1/2-1/2"]
[WhiteElo "1709"]
[BlackElo "1686"]
[PlyCount "45"]
[EventDate "2024.07.22"]
[EventType "swiss"]
[EventRounds "9"]
[EventCountry "CRO"]
[SourceTitle "CBM 221 Extra"]
[Source "ChessBase"]
[SourceDate "2024.09.30"]
[SourceVersion "1"]
[SourceVersionDate "2024.09.30"]
[SourceQuality "1"]

1. d4 d5 2. c4 e6 3. Nc3 Nf6 4. cxd5 exd5 5. Bg5 Be7 6. Qc2 Be6 7. e3 c6 8. Bd3 h6 9. Bh4 Nbd7 10. Nge2 Qa5 11. 0-0 g5 12. Bg3 h5 13. f3 h4 14. Be5 Nxe5 15. dxe5 Nh5 16. Nd4 Ng7 17. f4 gxf4 18. exf4 Bc5 19. Nce2 Qb6 20. Qc3 Bb4 21. Qc2 Bc5 22. Qc3 Bb4 23. Qc2 1/2-1/2

[Event "CRO-ch U15"]
[Site "Trogir"]
[Date "2024.06.24"]
[Round "3"]
[White "Nevistic, Rafaella"]
[Black "Udovicic, Dunja"]
[Result "0-1"]
[WhiteElo "1493"]
[BlackElo "1686"]
[PlyCount "42"]
[EventDate "2024.06.23"]
[EventType "swiss"]
[EventRounds "9"]
[EventCountry "CRO"]
[SourceTitle "EXT 2025"]
[Source "ChessBase"]
[SourceDate "2024.10.14"]
[SourceVersion "1"]
[SourceVersionDate "2024.10.14"]
[SourceQuality "1"]

1. e4 e5 2. Nf3 Nc6 3. Bb5 Nf6 4. d3 Ne7 5. Nxe5 c6 6. Nxf7 Kxf7 7. Bc4+ d5 8. e5 dxc4 9. exf6 Qa5+ 10. Nc3 gxf6 11. dxc4 Rg8 12. Rg1 Qe5+ 13. Be3 Qxh2 14. Kf1 Bg4 15. f3 Be6 16. b3 Nf5 17. Bf2 Ng3+ 18. Ke1 Bb4 19. Qd2 Rae8 20. Bxa7 Bf5+ 21. Be3 Qxg1# 0-1